000 00459nam a2200181Ia 4500
005 20250603145304.0
008 250603s9999 xx 000 0 und d
020 _a9781780661506
050 _aR 726.8 .M33/
100 _aMcCartney, Margaret
245 0 _aLiving with dying : finding care and compassion at the end of life
260 _aLondon
260 _bPinter & Martin
260 _c2014
300 _a256 p
650 _aLondon
942 _cBK
999 _c41421
_d41421